| 000 | 00886nam a22002537a 4500 | ||
|---|---|---|---|
| 003 | OSt | ||
| 005 | 20210217115404.0 | ||
| 008 | 210217s1974 enka|||br|||| 00| 0 eng d | ||
| 020 | _a0356049272 | ||
| 040 |
_aCO-JMCR _cCO-JMCR |
||
| 041 | 0 | _aeng | |
| 082 | 0 | 4 |
_a641.562 / _bF513s _223 |
| 100 | 1 |
_aFinley, Diana, _eeditora _913551 |
|
| 245 | 1 | 0 |
_aSweets and snacks / _cDiana Finley, editora |
| 250 | _aFirst published | ||
| 260 |
_aLondon : _bMacdonald Educational, _c1974 |
||
| 300 |
_a26 páginas : _bilustraciones a color ; _c21 cm. |
||
| 490 | 0 |
_astartes activites ; _v18 |
|
| 505 | 0 | _aCoconut ice -- Peppermint creams -- Stuffed dates -- Chocolate truffles -- Marzi-men -- Party dips -- Stuffed tomatoes -- Rolled lettuce -- Baked potatoes | |
| 650 | 1 | 4 |
_aRecetas _xniños _913552 |
| 650 | 2 | 4 |
_aCocina para niños _913553 |
| 650 | 2 | 4 |
_aCocina infantil _913554 |
| 942 |
_2ddc _cBK |
||
| 999 |
_c7210 _d7210 |
||